00217nam a22000857a 4500020001800000082002000018245005300038260002600091300001400117 a9788194032800 a332.1092bPRE/K aK P Hormis: A Legacy Beyond Banking/ T S Preetha aAluva:bFBROF,c2019. a442 pages